[Event "Olympiad Women 2024"]
[Site "Budapest HUN"]
[Date "2024.09.11"]
[Round "1.52"]
[Board "2"]
[White "Acham, Meritza"]
[Black "Wafa, Shahenda"]
[Result "0-1"]
[WhiteElo "1667"]
[BlackElo "2102"]
[PlyCount "92"]
[EventDate "2024.09.11"]
[WhiteTeam "Mauritius"]
[BlackTeam "Egypt"]
[WhiteTeamCountry "MRI"]
[BlackTeamCountry "EGY"]

1. d4 Nf6 2. c4 g6 3. Nc3 Bg7 4. e4 d6 5. Nf3 O-O 6. Be2 c6 7. O-O Nbd7 8. h3 e5 9. Be3 Re8 10. d5 ({RR} 10. Qc2 exd4 11. Bxd4 Nh5 12. Bxg7 Kxg7 13. Rad1 Qf6 14. Rd4 Nf4 15. Rfd1 Ne5 16. Rxd6 Nxf3+ 17. Bxf3 Nxh3+ 18. Kf1 Be6 19. e5 Qf4 20. R6d4 Qh2 21. gxh3 Bxh3+ 22. Ke2 Rxe5+ 23. Ne4 Bf5 24. Qd2 Rae8 {1-0 Korobov,A (2680)-Tissir,M (2380) Wch Rapid Dubai 2014 (10)}) 10... c5 ({RR} 10... cxd5 11. cxd5 Nc5 12. Nd2 a5 13. Rc1 Nfd7 14. Nc4 Qe7 15. f3 f5 16. Nb5 fxe4 17. Ncxd6 exf3 18. Bxf3 e4 19. Bg4 Nd3 20. Nxe8 Nxc1 21. Nxg7 Ne5 22. Qxc1 Bxg4 23. hxg4 Kxg7 24. Bd4 Kg8 25. d6 {1-0 Gunina,V (2435)-Fierro Baquero,M (2254) Swiss Queens Wed #28 2024 (10.35)}) 11. Qd2 a6 12. a4 $146 ({RR} 12. a3 Qb6 13. Qc2 Qd8 14. b4 b6 15. Rfb1 Nh5 16. Qd2 Nf4 17. Bf1 Nf8 18. Rb3 g5 19. g3 Nxh3+ 20. Bxh3 Bxh3 21. Bxg5 Qd7 22. bxc5 bxc5 23. Rab1 Ra7 24. Rb6 f6 25. Bh6 Re7 26. Nh4 Ng6 {1-0 Koseski,D (1652)-Kedzierski,M (1437) POL-chT U19 2nd League 2015 (1.68)}) ({RR} 12. Nh2 Rb8 13. g4 Rf8 14. Bg5 Qc7 15. Kh1 b5 16. cxb5 c4 17. bxa6 Bxa6 18. f3 Nc5 19. Be3 Rb4 20. Bxc5 Qxc5 21. b3 Qd4 22. Rad1 Ra8 23. Bxc4 Bxc4 24. bxc4 Qxc4 25. Rb1 Rc8 26. Rbc1 Qa6 {0-1 Hein,M (1983)-Kirbach,T (1929) Mittelfranken-chTB1 0910 2009 (4.7)}) 12... Nf8 13. Rfb1 N6d7 14. Qc2 h6 15. b4 b6 16. bxc5 Nxc5 17. Bxc5 bxc5 18. Ra2 f5 19. Rab2 Qf6 20. Rb6 Nd7 21. Rc6 Bf8 22. Bd3 f4 23. Nh2 h5 24. Be2 Ra7 25. Qd1 Qd8 26. g3 fxg3 27. fxg3 Qg5 28. Kg2 Qd8 29. Qd2 Nf6 30. Qg5 Rg7 31. Nf3 Be7 32. Qh6 Qd7 33. Ng5 Bf8 34. Rxc8 Qxc8 35. Ne6 Rxe6 36. dxe6 Qxe6 37. Rf1 Be7 38. Qc1 g5 39. Rf5 Nxe4 40. Nxe4 Qxf5 41. Bd3 g4 42. hxg4 Qxg4 43. Qe3 h4 44. Kh2 hxg3+ 45. Qxg3 Qd1 46. Qh3 Qg1# 0-1

[Event "Olympiad Women 2024"]
[Site "Budapest HUN"]
[Date "2024.09.11"]
[Round "1.52"]
[Board "4"]
[White "Beekhy, Aamirah"]
[Black "Allam, Yara"]
[Result "0-1"]
[WhiteElo "1600"]
[BlackElo "1920"]
[PlyCount "88"]
[EventDate "2024.09.11"]
[WhiteTeam "Mauritius"]
[BlackTeam "Egypt"]
[WhiteTeamCountry "MRI"]
[BlackTeamCountry "EGY"]

1. d4 d5 2. Bf4 Nf6 3. e3 c5 4. Nf3 Nc6 5. Be2 Bf5 ({RR} 5... e6 6. O-O a6 7. a3 b5 8. Nbd2 Bb7 9. Ne5 Nxe5 10. Bxe5 Nd7 11. Bg3 Qb6 12. c3 Bd6 13. Bf3 Bxg3 14. hxg3 O-O 15. Qb1 a5 16. b4 c4 17. Bd1 axb4 18. Qxb4 Qa5 19. Bc2 Ra7 20. Qxa5 {½-½ Malakhov,V (2690)-Volkov,S (2648) FIDE World Cup 2007 (2.2)}) 6. c3 Qb6 7. Na3 $146 ({RR} 7. Qb3 c4 8. Qxb6 axb6 9. Nbd2 b5 10. Nh4 Bd7 11. h3 h6 12. Nhf3 Bf5 13. O-O e6 14. a3 Nd7 15. Rfe1 Nb6 16. Bd1 b4 17. Bc7 bxc3 18. bxc3 Na4 19. Bxa4 Rxa4 20. e4 dxe4 21. Nxe4 Kd7 {0-1 Li Ying,P (2131)-Masrahi,A (1900) Olympiad-42 Baku 2016 (7.2)}) ({RR} 7. Qb3 c4 8. Qxb6 axb6 9. Nbd2 b5 10. Ne5 Nxe5 11. Bxe5 e6 12. O-O b4 13. Bxf6 gxf6 14. e4 Bg6 15. exd5 exd5 16. Bf3 bxc3 17. bxc3 Ra5 18. Rfe1+ Kd7 19. a4 Bh6 20. Nf1 Rha8 21. Ne3 Kd6 {0-1 Moyses Sobrinho,E (1880)-Calcado,A (2118) VII SESC Caioba Open 2023 (6.29)}) ({RR} 7. Qb3 c4 8. Qxb6 axb6 9. Nbd2 h6 10. h3 b5 11. O-O e6 12. a3 Be7 13. Rfe1 O-O 14. g4 Bh7 15. Nh2 Nd7 16. Ndf3 Nb6 17. Bd1 Na5 18. Nd2 Na4 19. Bxa4 bxa4 20. Nhf3 Nb3 21. Nxb3 axb3 {0-1 Turp,H (1665)-Gorzinski,D (2047) Goch op 26th 2015 (1)}) 7... c4 8. Qc1 e6 9. Nb1 h6 10. h3 Be7 11. Nbd2 Qa5 12. O-O b5 13. a3 O-O 14. Bd1 Nh5 15. Bh2 Bh7 16. Bc2 f5 17. g4 Nf6 18. g5 hxg5 19. Nxg5 Nd8 20. Nxh7 Nxh7 21. Kh1 Rf6 22. f4 Rh6 23. Rf3 Nc6 24. Qg1 Kf7 25. Qg2 Rg8 26. Rg1 g6 27. Bd1 Qd8 28. Rg3 Bh4 29. Rf3 a5 30. Bg3 Be7 31. Bh2 b4 32. axb4 axb4 33. Rg3 Bh4 34. Rf3 Qa5 35. Bg3 Bxg3 36. Rxg3 bxc3 37. bxc3 Qxc3 38. Nf3 Qb4 39. Ng5+ Nxg5 40. Rxg5 Ne7 41. Qh2 Ra8 42. Qg3 Rah8 43. Kh2 Qd2+ 44. Qg2 Rxh3# 0-1

[Event "Olympiad Women 2024"]
[Site "Budapest HUN"]
[Date "2024.09.11"]
[Round "1.53"]
[Board "1"]
[White "Nomcebo, Sibisi"]
[Black "Wagener, Anna"]
[Result "0-1"]
[WhiteElo "1570"]
[BlackElo "2251"]
[PlyCount "86"]
[EventDate "2024.09.11"]
[WhiteTeam "Eswatini"]
[BlackTeam "Luxembourg"]
[BlackTeamCountry "LUX"]

1. d4 f5 2. c4 Nf6 3. Nf3 g6 4. g3 Bg7 5. Bg2 O-O 6. O-O d6 7. Nc3 c6 8. Bg5 h6 9. Bxf6 Bxf6 10. e4 fxe4 ({RR} 10... e5 11. dxe5 dxe5 12. Qe2 Qc7 13. Rfe1 Re8 14. exf5 gxf5 15. Nh4 Bxh4 16. gxh4 Na6 17. Qh5 Qf7 18. Qxh6 Qg7 19. Qxg7+ Kxg7 20. Re2 Kf6 21. a3 Be6 22. b3 Nc5 23. Rb1 Rad8 24. h5 Nd3 25. Kh1 {0-1 Ram,J (1817)-Karimova,G (2070) Titled Tue 21st May Early 2024 (11)}) 11. Nxe4 Bg7 12. Rc1 $146 ({RR} 12. h3 Nd7 13. Qe2 Rf7 14. Rad1 Nf8 15. b4 Bd7 16. d5 cxd5 17. Rxd5 Qc8 18. c5 Be6 19. Rdd1 dxc5 20. Nxc5 Bxh3 21. Ne5 Bxg2 22. Kxg2 Bxe5 23. Qxe5 Qc6+ 24. f3 b6 25. Ne4 Qc4 26. Rh1 Qe2+ {0-1 Franca,F (1770)-Macedo,M (1984) Joao Pessoa Fischer Memorial 10th 2019 (4)}) 12... Qe8 13. Re1 Qf7 14. b3 Na6 15. d5 c5 16. h3 Bd7 17. a3 Bb2 18. Rc2 Bxa3 19. Rce2 Rae8 20. Ned2 Bb2 21. Qb1 Bf6 22. Nf1 Nb4 23. Ne3 b5 24. Nh2 bxc4 25. bxc4 Bc3 26. Rf1 a5 27. Nhg4 Kh7 28. h4 Bxg4 29. Nxg4 Qf5 30. Re4 h5 31. Ne3 Qf6 32. Re6 Qg7 33. Be4 Rf6 34. Qd1 Rxe6 35. dxe6 Qe5 36. Qa4 Rf8 37. Bd5 Bd4 38. Qd7 Nxd5 39. Nxd5 Qxg3+ 40. Kh1 Qxh4+ 41. Kg1 Bxf2+ 42. Kg2 Qg3+ 43. Kh1 Qh3# 0-1

[Event "Olympiad Women 2024"]
[Site "Budapest HUN"]
[Date "2024.09.11"]
[Round "1.53"]
[Board "2"]
[White "Steil-Antoni, Fiona"]
[Black "Nkwanyane Nolwazi"]
[Result "1-0"]
[WhiteElo "2085"]
[BlackElo "1542"]
[PlyCount "35"]
[EventDate "2024.09.11"]
[WhiteTeam "Luxembourg"]
[BlackTeam "Eswatini"]
[WhiteTeamCountry "LUX"]

1. e4 d5 2. exd5 Qxd5 3. Nc3 Qd8 4. Nf3 Nf6 5. Bc4 e6 6. O-O Bc5 ({RR} 6... Be7 7. d4 {½-½ Pitl,G (2380)-Heinzel,O (2384) AUT-chT2W 0607 2006 (2)}) ({RR} 6... Be7 7. d4 O-O 8. d5 exd5 9. Nxd5 Nxd5 10. Bxd5 c6 11. Be4 Qxd1 12. Rxd1 Be6 13. Bf4 Nd7 14. Ng5 Nf6 15. Nxe6 fxe6 16. Bf3 Rfd8 17. Re1 Kf7 18. Re2 Bd6 19. Bd2 Rd7 20. Rae1 Re7 21. g3 {1-0 Othman,F-Ayedero,A Abuja Positive Minds op 2015 (1)}) 7. d4 Be7 $146 ({RR} 7... Bb4 8. Bg5 O-O 9. Ne4 Be7 10. Ng3 Nc6 11. c3 Na5 12. Bd3 c5 13. dxc5 Bxc5 14. b4 Bd6 15. bxa5 Qxa5 16. Bxf6 gxf6 17. Qc2 Kg7 18. Rad1 f5 19. Bxf5 exf5 20. Rxd6 Qa3 21. Nh5+ Kh8 22. Rh6 {1-0 Ziabari,M (2042)-Raupach,B (1116) Troisdorf op 2003 (1)}) ({RR} 7... Bb6 8. Bg5 h6 9. Bh4 g5 10. Nxg5 hxg5 11. Bxg5 Qxd4 12. Qf3 Ng4 13. Qe2 Nxf2 14. Rxf2 Qxf2+ 15. Qxf2 Bxf2+ 16. Kxf2 c6 17. Rd1 Nd7 18. h4 f6 19. Be3 Ne5 20. Bb3 Ng4+ 21. Kf3 Nxe3 22. Kxe3 {0-1 Duhme,A-Stolzenwald,F (1603) Hamburg League qual 2004 (6)}) 8. Re1 c6 9. a4 Qc7 10. h3 h6 11. Be3 O-O 12. Qd2 Bb4 13. Bxh6 Bxc3 14. Qg5 Ne8 15. bxc3 Kh8 16. Bxg7+ Nxg7 17. Qh6+ Kg8 18. Ng5 1-0

[Event "Olympiad Women 2024"]
[Site "Budapest HUN"]
[Date "2024.09.11"]
[Round "1.53"]
[Board "3"]
[White "Dlamini Sincobile"]
[Black "Bakalarz, Grazyna"]
[Result "0-1"]
[WhiteElo "1572"]
[BlackElo "1928"]
[PlyCount "80"]
[EventDate "2024.09.11"]
[WhiteTeam "Eswatini"]
[BlackTeam "Luxembourg"]
[BlackTeamCountry "LUX"]

1. d4 Nf6 2. c4 g6 3. Nc3 d5 4. cxd5 Nxd5 5. e4 Nxc3 6. bxc3 Bg7 7. Nf3 c5 8. Bb5+ Bd7 9. Bxd7+ Nxd7 10. O-O O-O 11. Be3 ({RR} 11. e5 cxd4 12. cxd4 Nb6 13. Qb3 Qd5 14. Ba3 Qxb3 15. axb3 Nd5 16. Rfc1 Rfc8 17. Rc4 Bh6 18. Bc1 Bxc1 19. Raxc1 Rxc4 20. Rxc4 a5 21. Nd2 e6 22. Ra4 Nc3 23. Rc4 Ne2+ 24. Kf1 b5 25. Rc7 Nxd4 {0-1 Bellon Lopez,J (2495)-Oll,L (2560) Helsinki 1991}) 11... Qa5 12. Qb3 b6 13. Rab1 $146 ({RR} 13. Rfd1 Rad8 14. Rac1 Rc8 15. d5 b5 16. Bf4 h6 17. h3 Nb6 18. e5 Qa4 19. c4 bxc4 20. Qxa4 Nxa4 21. d6 exd6 22. exd6 Rc6 23. Ne5 Bxe5 24. Bxe5 Nb6 25. Bf6 Nd7 26. Be7 Rb8 {½-½ Chen,K-Swaminathan,R (2060) Branchburg DOCA 1st 2009 (6)}) ({RR} 13. Rfd1 Rac8 14. Rac1 e6 15. h3 Rfd8 16. Bg5 Re8 17. h4 h6 18. Bf4 cxd4 19. cxd4 h5 20. a4 e5 21. Ng5 Rxc1 22. Qxf7+ {1-0 Bluebaum,M (2640)-Tifferet,S (2305) Titled Tue 20th Aug Late 2024 (4)}) ({RR} 13. Rac1 Rac8 14. e5 c4 15. Qc2 Qd5 16. Qd2 b5 17. Bh6 Rfd8 18. Bxg7 Kxg7 19. Qg5 Qe6 20. h4 Nb6 21. Rfe1 Nd5 22. h5 h6 23. Qg3 Kh7 24. hxg6+ Qxg6 25. Qxg6+ fxg6 26. Re4 e6 27. Re2 Rc6 {0-1 Jakubco,L (1842)-Holecko,R (2291) SVK-chT2D 0607 2006 (5.4)}) 13... Rac8 14. c4 cxd4 15. Bxd4 Bxd4 16. Nxd4 Nc5 17. Qc2 Rfd8 18. Rb5 Qa3 19. Nb3 Qa4 20. Rc1 Nd3 21. Nd2 Nc5 22. Qxa4 Nxa4 23. Rd5 e6 24. Rxd8+ Rxd8 25. Rc2 Rd3 26. f3 Kf8 27. Kf2 Ke7 28. Ke2 Rc3 29. Kd1 Kd6 30. Nb3 Rxc4 31. Rd2+ Kc7 32. Ke2 b5 33. Na5 Rc3 34. Rd3 Rc2+ 35. Rd2 Nc3+ 36. Kd3 Rxd2+ 37. Kxd2 Nxa2 38. Kd3 Nb4+ 39. Kd4 Nc6+ 40. Nxc6 Kxc6 0-1

[Event "Olympiad Women 2024"]
[Site "Budapest HUN"]
[Date "2024.09.11"]
[Round "1.53"]
[Board "4"]
[White "Kremer, Nadine"]
[Black "Nosimilo, Mkhonto"]
[Result "1-0"]
[WhiteElo "1898"]
[BlackElo "1561"]
[PlyCount "79"]
[EventDate "2024.09.11"]
[WhiteTeam "Luxembourg"]
[BlackTeam "Eswatini"]
[WhiteTeamCountry "LUX"]

1. e4 e5 2. Nc3 Nf6 3. f4 Nc6 4. fxe5 Nxe5 5. d4 Nc6 6. e5 Ng8 7. Nf3 Be7 ({RR} 7... d6 8. Bc4 Bg4 9. O-O dxe5 10. Bxf7+ Kxf7 11. Nxe5+ Ke8 12. Qxg4 Qxd4+ 13. Qxd4 Nxd4 14. Nf7 Bc5 15. Kh1 Nxc2 16. Rb1 Nf6 17. Nxh8 Ke7 18. Bg5 c6 19. Rbc1 Nb4 20. Rce1+ Kd7 21. Nf7 Bd4 22. Ne4 {1-0 Sanz Alonso,F (2361)-Gomez Gonzalez,J (2137) Bajada de la Virgen op 3rd 2005 (4)}) 8. d5 $146 ({RR} 8. Bc4 d6 9. O-O Bg4 10. exd6 cxd6 11. Bxf7+ Kf8 12. Ng5 Bxg5 13. Qxg4 Bf6 14. Bb3 h5 15. Qe6 Qc7 16. Nd5 Qd8 17. Nxf6 {1-0 Brodie,H-Croisetiere,M Montreal East End op 1972 (1)}) ({RR} 8. Bc4 d6 9. Bf4 Bg4 10. O-O Qd7 11. Bxf7+ Kxf7 12. Ng5+ Bxg5 13. Bxg5+ Ke8 14. Qd2 dxe5 15. d5 Nf6 16. Bxf6 gxf6 17. Rxf6 Rf8 18. Rxf8+ Kxf8 19. Qh6+ Qg7 20. Rf1+ Kg8 21. Qxg7+ Kxg7 22. dxc6 bxc6 {1-0 Teixeira Salema,J-Lugo Lugo,V (1253) Tenerife-ch Santa Cruz 2022 (7)}) 8... Nb4 9. a3 Na6 10. Bxa6 bxa6 11. d6 cxd6 12. exd6 Bh4+ 13. g3 Bf6 14. Nd5 Kf8 15. O-O Bb7 16. Nc7 Rc8 17. Be3 Rxc7 18. dxc7 Qxc7 19. Bd4 g6 20. Bxf6 Nxf6 21. Qd4 Kg7 22. Ne5 Re8 23. Ng4 Qb6 24. Qxb6 axb6 25. Rxf6 h5 26. Rxb6 Bc6 27. Nf2 Re2 28. Rxa6 Rxc2 29. b4 Rc4 30. Rb6 Rd4 31. a4 h4 32. a5 hxg3 33. hxg3 Bf3 34. a6 Rd5 35. a7 Rg5 36. g4 Ba8 37. Ra5 f5 38. Rb8 Be4 39. Nxe4 Rxg4+ 40. Kf2 1-0

[Event "Olympiad Women 2024"]
[Site "Budapest HUN"]
[Date "2024.09.11"]
[Round "1.54"]
[Board "2"]
[White "Marcos, Taqesyah"]
[Black "Vasquez Ramirez, Rocio"]
[Result "0-1"]
[WhiteElo "1679"]
[BlackElo "1981"]
[PlyCount "98"]
[EventDate "2024.09.11"]
[WhiteTeam "Netherlands Antilles"]
[BlackTeam "Ecuador"]
[WhiteTeamCountry "AHO"]
[BlackTeamCountry "ECU"]

1. d4 Nf6 2. e3 c5 3. Nf3 e6 4. c4 d5 5. Bd3 dxc4 6. Bxc4 a6 7. b3 ({RR} 7. O-O b5 8. Bd3 Bb7 9. Qe2 Nbd7 10. Nbd2 cxd4 11. exd4 Be7 12. a4 Nd5 13. Ne4 Nb4 14. Bb1 bxa4 15. Rd1 Bd5 16. Nc3 Bb3 17. Re1 Nf6 18. Nxa4 O-O 19. Ra3 Bd5 20. Ne5 Nc6 21. Rh3 g6 {1-0 Cordova,E (2560)-Delorme,A (2455) Wch U20 49th 2010 (13)}) ({RR} 7. O-O b5 8. Be2 Bb7 9. Nc3 Nbd7 10. Nd2 cxd4 11. exd4 b4 12. Na4 Be7 13. Nb3 Bd5 14. Bf3 O-O 15. Be3 Qb8 16. Nac5 Rd8 17. Rc1 a5 18. Qe2 Nb6 19. Nd3 Bd6 20. g3 Bxf3 21. Qxf3 Nbd5 {0-1 Wlodarczyk,A (1606)-Van Wely,L (2644) Clichy Int Rapid 2023 (1.2)}) 7... b5 8. Bd3 Bb7 9. O-O Nbd7 $146 ({RR} 9... Bd6 10. Bb2 Nbd7 11. Nbd2 O-O 12. Qe2 cxd4 13. exd4 Nb6 14. Ne4 Nxe4 15. Bxe4 Qe7 16. Rad1 Rac8 17. Rfe1 Nd5 18. Ne5 Bb4 19. Rf1 Nc3 20. Bxh7+ Kxh7 21. Qh5+ Kg8 22. Rd3 Qf6 23. a3 g6 24. Qg4 {1-0 Gudilina,G (2050)-Ivakhinova,I (2216) RUS-ch (Women) 1st League 57th 2007 (2)}) 10. Nbd2 cxd4 11. exd4 Be7 12. Re1 O-O 13. Bb2 Rc8 14. Rc1 Rxc1 15. Qxc1 Qa5 16. a3 Rc8 17. Qa1 Bd5 18. Rc1 Qd8 19. Qb1 g6 20. Ne5 Kg7 21. Be2 Bb7 22. Bf3 Nd5 23. Ne4 f5 24. Nc5 Nxc5 25. dxc5 Bf6 26. b4 Bxe5 27. Bxe5+ Kf7 28. Rd1 Bc6 29. h3 a5 30. Qc1 axb4 31. axb4 Qf8 32. Qg5 Kg8 33. h4 Ra8 34. h5 Qf7 35. hxg6 Qxg6 36. Qd2 Nxb4 37. Bxc6 Nxc6 38. Qf4 Ra4 39. Qe3 Re4 40. Qg3 Nxe5 41. Qc3 b4 42. Qa1 Qg7 43. Qa8+ Kf7 44. c6 Qg4 45. Qd8 Nf3+ 46. Kf1 Re1+ 47. Rxe1 Qc4+ 48. Re2 Qc1+ 49. Re1 Qxe1# 0-1

[Event "Olympiad Women 2024"]
[Site "Budapest HUN"]
[Date "2024.09.11"]
[Round "1.54"]
[Board "3"]
[White "Miranda Vargas, Analia Karen"]
[Black "Pourier, Dianthely"]
[Result "1-0"]
[WhiteElo "1891"]
[BlackElo "1548"]
[PlyCount "59"]
[EventDate "2024.09.11"]
[WhiteTeam "Ecuador"]
[BlackTeam "Netherlands Antilles"]
[WhiteTeamCountry "ECU"]
[BlackTeamCountry "AHO"]

1. e4 c6 2. c4 e5 3. Nc3 Nf6 4. d3 ({RR} 4. Nf3 Qc7 5. d4 Bb4 6. dxe5 Nxe4 7. Qd4 Qa5 8. Qxe4 Bxc3+ 9. Nd2 Bb4 10. Bd3 Na6 11. Bc2 Nc5 12. Qe3 Ne6 13. O-O d6 14. exd6 Bxd6 15. Ne4 Be7 16. Bd2 {½-½ Hauchard,A (2526)-Dominguez Perez,L (2556) Capablanca Memorial Elite 36th 2001 (6)}) 4... Bb4 ({RR} 4... d5 5. Be2 dxc4 6. dxc4 Qxd1+ 7. Bxd1 Bb4 8. f3 Bxc3+ 9. bxc3 c5 10. Be3 b6 11. Ba4+ Bd7 12. Bxd7+ Nfxd7 13. a4 Nc6 14. Ne2 Na5 15. Bf2 Nxc4 16. O-O Ke7 17. Rfd1 f6 18. Nc1 Rhd8 19. Nb3 {0-1 Szalay,K (2159)-Weetik,V (2423) Titled Tuesday intern op 15th Feb Late blitz 2022 (3)}) 5. Nf3 d6 6. Qb3 $146 ({RR} 6. Be2 Bg4 7. O-O Nbd7 8. a3 Ba5 9. b4 Bb6 10. a4 Bxf3 11. Bxf3 Bd4 12. Qb3 Rb8 13. a5 h5 14. Bg5 Qc8 15. Rac1 Nh7 16. Bd2 Nhf6 17. Ne2 a6 18. Nxd4 exd4 19. Be2 Qc7 20. f4 c5 {1-0 Bombin Pinera,D-Gonzalez,M (2215) Asturias-chT 1998}) 6... c5 7. Be2 h6 8. a3 Bxc3+ 9. Qxc3 Nc6 10. b4 b6 11. Rb1 O-O 12. h3 Re8 13. O-O Bb7 14. Be3 Qc7 15. Nh4 Nd4 16. Bd1 Rab8 17. f4 a6 18. Qd2 Qe7 19. Qf2 Bc8 20. bxc5 dxc5 21. fxe5 Nd7 22. Qg3 Rb7 23. Bxh6 Ne6 24. Nf5 Qf8 25. Bxg7 Nxg7 26. Nh6+ Kh7 27. Nxf7 Qe7 28. Qe3 Rh8 29. Qh6+ Kg8 30. Qxh8# 1-0

[Event "Olympiad Women 2024"]
[Site "Budapest HUN"]
[Date "2024.09.11"]
[Round "1.55"]
[Board "1"]
[White "Callender, Jessica"]
[Black "De Blecourt, Sandra"]
[Result "0-1"]
[WhiteElo "1579"]
[BlackElo "2065"]
[PlyCount "74"]
[EventDate "2024.09.11"]
[WhiteTeam "Guyana"]
[BlackTeam "Denmark"]
[WhiteTeamCountry "GUY"]
[BlackTeamCountry "DEN"]

1. Nf3 c5 2. g3 Nc6 3. Bg2 d5 4. d3 e5 5. O-O Bd6 6. Nbd2 Nge7 7. e4 d4 8. a4 ({RR} 8. Nc4 Bc7 9. a4 a6 10. h3 Be6 11. Ng5 Bxc4 12. dxc4 h6 13. Nf3 O-O 14. Nh4 f5 15. exf5 Nxf5 16. Nxf5 Rxf5 17. Qg4 Rf6 18. Bd5+ Kh8 19. Bd2 Rb8 20. Rae1 Ne7 21. Be4 Qc8 22. Qh5 Qe8 {0-1 Dmytriv,R (1844)-Bondarenko,S (1633) 150 yrs Ivan Bobersky blitz 2023 (12.4)}) 8... O-O 9. Nc4 Bc7 10. Bd2 $146 ({RR} 10. Nh4 Be6 11. g4 Ng6 12. Nxg6 fxg6 13. Nd2 Qd7 14. h3 h5 15. f3 Rf7 16. Nb3 b6 17. Bd2 a5 18. Nc1 Raf8 19. Ne2 Qe7 20. Qe1 h4 21. g5 Nb4 22. Rc1 Na2 23. Rb1 Nb4 24. Rc1 Na2 {½-½ Koenig,F (2012)-Viehweger,M Berlin Unicorn op 2005 (5)}) ({RR} 10. Nh4 Ng6 11. Nxg6 fxg6 12. f4 exf4 13. Bxf4 Bxf4 14. gxf4 Qh4 15. Qf3 Nb4 16. Rac1 Bd7 17. b3 Na2 18. Rce1 Rae8 19. Qg3 g5 20. Qxg5 Qxg5 21. fxg5 Nb4 22. Rxf8+ Rxf8 23. Re2 Bg4 24. Rd2 Bh5 {1-0 Atas,R (1498)-Celik,E (1706) TUR Cup 1516 2016 (11)}) 10... Bg4 11. Qc1 Qd7 12. Ne1 Be2 13. h4 f5 14. Bh3 Qe8 15. Ng2 fxe4 16. Re1 exd3 17. Be6+ Kh8 18. cxd3 Bxd3 19. Bg5 Bf5 20. Bxe7 Qxe7 21. Bxf5 Rxf5 22. Qd2 Raf8 23. Re2 e4 24. Rae1 Qf7 25. Kh2 Qxc4 26. Rxe4 Ne5 27. Qe2 Qxe2 28. R1xe2 d3 29. Rxe5 Bxe5 30. Rd2 Rxf2 31. Rxd3 Rxb2 32. Kh3 Kg8 33. Ne3 Rf3 34. Kg4 Rxg3+ 35. Kf5 Bd4 36. Ke4 Re2 37. Kf4 Rgxe3 0-1

[Event "Olympiad Women 2024"]
[Site "Budapest HUN"]
[Date "2024.09.11"]
[Round "1.55"]
[Board "2"]
[White "Kakulidis, Ellen"]
[Black "Shariff, Sasha Christina"]
[Result "1-0"]
[WhiteElo "2048"]
[BlackElo "1538"]
[PlyCount "85"]
[EventDate "2024.09.11"]
[WhiteTeam "Denmark"]
[BlackTeam "Guyana"]
[WhiteTeamCountry "DEN"]
[BlackTeamCountry "GUY"]

1. d4 d5 2. c4 c6 3. Nf3 Nf6 4. g3 e6 5. Bg2 Be7 6. O-O O-O 7. Qc2 Nbd7 8. Nbd2 b6 9. e4 dxe4 10. Nxe4 Nxe4 11. Qxe4 Bb7 12. Rd1 Nf6 13. Qc2 ({RR} 13. Qe2 Rc8 14. Bf4 Nd7 15. Rac1 Qe8 16. Nd2 Nf6 17. Ne4 Nxe4 18. Bxe4 Qd7 19. c5 Rfd8 20. b4 Qe8 21. h4 b5 22. h5 h6 23. Rd2 a5 24. a3 axb4 25. axb4 Ra8 26. Be5 Bf8 27. Bc2 Ra3 {1-0 Matlakov,M (2671)-Bharath,S (2479) Titled Tuesday intern op 07th Jun Early blitz 2022 (7)}) 13... Rc8 14. Bf4 ({RR} 14. c5 Nd5 15. Ne5 Bf6 16. a3 Re8 17. b4 Bxe5 18. dxe5 Qc7 19. f4 Red8 20. Be4 g6 21. h4 Ne7 22. Be3 Nf5 23. Bf2 Rxd1+ 24. Rxd1 b5 25. Bxf5 gxf5 26. Rd6 a6 27. Qe2 Kh8 28. Qh5 Rg8 {1-0 Mikhalsky,V (2219)-Coe,W (2078) Titled Tue 20th Feb Late 2024 (2)}) 14... Bd6 15. Bxd6 $146 ({RR} 15. Be5 Qc7 16. b4 Rfd8 17. c5 Bxe5 18. Nxe5 Nd5 19. a3 b5 20. Nf3 Qe7 21. Nd2 Nf6 22. Nf3 {½-½ Metaxasz,V (2190)-Sallai,K (2198) Budapest FS12 FM-A 2003 (2)}) ({RR} 15. Be5 Qe7 16. Ng5 g6 17. Qd2 Rfd8 18. Qf4 Ne8 19. Ne4 f5 20. Nc3 Rd7 21. Re1 Rcd8 22. d5 exd5 23. cxd5 cxd5 24. Nxd5 Qf7 25. Bxd6 Nxd6 26. Nc3 Bxg2 27. Kxg2 Ne8 28. Re2 Nf6 29. Rae1 Rd4 {½-½ Harestad,H (2265)-Palm,N (2253) Copenhagen Bronshoj op 2012 (5)}) 15... Qxd6 16. Rac1 c5 17. dxc5 Qxc5 18. b3 Be4 19. Qe2 Rfd8 20. Nh4 Bxg2 21. Nxg2 Rd4 22. Rxd4 Qxd4 23. Rd1 Qc5 24. Rd3 e5 25. Ne3 e4 26. Rd2 Re8 27. Qd1 g6 28. Rd6 Re6 29. Rxe6 fxe6 30. Qd8+ Kg7 31. h3 Qf8 32. Qd4 e5 33. Qxe5 Qe8 34. Qxe8 Nxe8 35. Nd5 Kf7 36. Kf1 Ke6 37. Ke2 Ke5 38. Ke3 b5 39. Ne7 bxc4 40. bxc4 Kd6 41. Nc8+ Kc7 42. Nxa7 Nd6 43. Nb5+ 1-0

[Event "Olympiad Women 2024"]
[Site "Budapest HUN"]
[Date "2024.09.11"]
[Round "1.55"]
[Board "3"]
[White "Joshi, Aditi Narayan"]
[Black "Guindy, Esmat Susanne"]
[Result "0-1"]
[WhiteElo "1546"]
[BlackElo "2015"]
[PlyCount "104"]
[EventDate "2024.09.11"]
[WhiteTeam "Guyana"]
[BlackTeam "Denmark"]
[WhiteTeamCountry "GUY"]
[BlackTeamCountry "DEN"]

1. d4 d5 2. c4 e6 3. Nf3 Be7 4. Nc3 Nf6 5. Bg5 O-O 6. e3 h6 7. Bh4 Ne4 8. Bxe7 Qxe7 9. cxd5 Nxc3 10. bxc3 exd5 11. Bd3 c5 12. dxc5 ({RR} 12. O-O Nc6 13. Re1 Rd8 14. e4 dxe4 15. Bxe4 Qf6 16. d5 Ne7 17. c4 Bg4 18. Qb3 Bxf3 19. Bxf3 Nf5 20. Qxb7 Nd6 21. Qc6 Rdc8 22. Qa6 g6 23. Rab1 Rd8 24. Qc6 Rdc8 25. Qa6 Rd8 26. Re3 Qd4 {1-0 Nakamura,H (2779)-Caruana,F (2823) Saint Louis Showdown 60m 2016 (5)}) ({RR} 12. O-O Nc6 13. Re1 Qf6 14. e4 dxe4 15. Bxe4 cxd4 16. cxd4 Bg4 17. d5 Rad8 18. h3 Bxf3 19. Qxf3 Qxf3 20. gxf3 Na5 21. f4 Nc4 22. Rab1 Nd6 23. Bf3 Rfe8 24. Re5 Kf8 25. Rc1 Rc8 26. Rxe8+ Kxe8 {0-1 Kingsley,E (1861)-Johansson,L (2434) Elite Hotels Vaxjo Open 2024 (1.5)}) 12... Qd7 $146 ({RR} 12... Qxc5 13. Qb3 Nc6 14. O-O b6 15. h3 Be6 16. Nd4 Rac8 17. Nxe6 fxe6 18. Rac1 Ne5 19. Bb1 Rf6 20. Qc2 Nc4 21. Rfd1 Na3 22. Qh7+ Kf7 23. Bd3 Qf8 24. e4 dxe4 25. Qxe4 Qc5 26. Rd2 Rc7 27. Rcd1 {1-0 Ornstein,A (2419)-Blomqvist,E (2421) SWE-chT 0910 2009 (1)}) ({RR} 12... Qxc5 13. Rc1 Nc6 14. h3 Qa5 15. Qd2 Bd7 16. O-O Rad8 17. Rfd1 Bc8 18. Bb1 Qc7 19. Qc2 g6 20. Qa4 a6 21. Qh4 Kg7 22. Nd4 Qe7 23. Qxe7 Nxe7 24. Bd3 Rd6 25. Rb1 Rfd8 26. Kf1 R6d7 27. Ke2 {½-½ Florean,A (2455)-Yegiazarian,A (2455) Ciocaltea Memorial 1998 (8)}) 13. c6 Qxc6 14. Qd2 Qc5 15. O-O Nc6 16. Rac1 b6 17. Bc2 Na5 18. Bb1 Bb7 19. Qd3 g6 20. Ne5 Qe7 21. Qd4 Kh7 22. c4 Nxc4 23. Nxc4 dxc4 24. Qxc4 Qg5 25. Be4 Rac8 26. Qd3 Rfd8 27. Qb1 Rxc1 28. Rxc1 Bxe4 29. Qxe4 Qc5 30. Re1 Qa5 31. Rf1 Qxa2 32. h4 Qd5 33. Qc2 b5 34. e4 Qd3 35. Qc7 Rd7 36. Qf4 Re7 37. Qb8 a5 38. f3 b4 39. Qa8 Qd4+ 40. Kh1 Ra7 41. Qc8 b3 42. Qg4 Qd7 43. Qf4 a4 44. Qe3 Qe7 45. Qc3 Rb7 46. Rb1 Qc7 47. Qa1 Qc2 48. Rb2 Qxb2 49. Qxb2 a3 50. Qxa3 b2 51. e5 b1=Q+ 52. Kh2 Qe1 0-1